Frantina /

Uložené v:
Podrobná bibliografia
Hlavný autor: Světlá, Karolina, 1830-1899 (Author)
Médium: Kniha
Jazyk:Czech
Vydané: Praha : Státní nakladatelství krásné literatury, hudby a umění, 1960.
Vydanie:3. vyd. v SNKLHU
Edícia:Světová četba sv. 231
ISBN: (brož.)
Fyzický popis: 236 s.
Tagy: Pridať tag
Žiadne tagy, Buďte prvý kto otaguje tento záznam!

MARC

LEADER 00000nam a2200000 a 4500
001 000428621
005 20130721172238.0
008 930405s1960 xr e cze d
020 |a (brož.)  |c Kčs 7,30 
040 |a SVKKK  |b slo  |c SVKKK  |e AACR2 
041 0 |a cze 
044 |a xr  |c CZ 
100 1 |a Světlá, Karolina,  |d 1830-1899  |4 aut 
245 1 0 |a Frantina /  |c Karolina Světlá, [pseud.]. 
250 |a 3. vyd. v SNKLHU 
260 |a Praha :  |b Státní nakladatelství krásné literatury, hudby a umění,  |c 1960. 
300 |a 236 s. 
490 1 |a Světová četba  |v sv. 231 
500 |a Vl. meno autorky: Mužáková Johanna 
500 |a Vyd. k 130. výročiu narodenia Karoliny Světlé 
830 0 |a Světová četba  |v sv. 231 
910 |a svkkk 
998 |a BK 
090 |g SCKHL  |k Sklad Pribinova prízemie  |a I.14502  |j 192853  |i 2720387436  |s Prezenčne 
090 |g SCKHL  |k Sklad Pribinova prízemie  |a I.15774  |j 182765  |i 2720384124  |s Prezenčne